LEADER 01042nam0-22003371i-450 001 990001647650403321 005 20190529131323.0 035 $a000164765 035 $aFED01000164765 035 $a(Aleph)000164765FED01 035 $a000164765 100 $a20030910d1999----km-y0itay50------ba 101 0 $aeng 105 $ay-------001yy 200 1 $aAlternative nonallelic deletion is constitutive of ruminant casein$fPasquale Ferranti, Sergio Lilla, Lina Chianese, Francesco Addeo 210 $a[S.l.$cs.n.]$d1999 215 $ap. 595-602$d30 cm 300 $aEstr. da: Journal of protein chemistry , 18(5),1999. 610 0 $aCaseina 676 $a637.3 702 1$aAddeo,$bFrancesco 702 1$aChianese,$bLina 702 1$aFerranti,$bPasquale 702 1$aLilla,$bSergio 801 0$aIT$bUNINA$gRICA$2UNIMARC 901 $aLG 912 $a990001647650403321 952 $a60 OP. 154/17$fFAGBC 959 $aFAGBC 996 $aAlternative nonallelic deletion is constitutive of ruminant casein$9371921 997 $aUNINA LEADER 01677nam 2200529Ia 450 001 9910454225303321 005 20200520144314.0 035 $a(CKB)1000000000522635 035 $a(OCoLC)191935675 035 $a(CaPaEBR)ebrary10171158 035 $a(SSID)ssj0000277747 035 $a(PQKBManifestationID)11192692 035 $a(PQKBTitleCode)TC0000277747 035 $a(PQKBWorkID)10254289 035 $a(PQKB)10031809 035 $a(MiAaPQ)EBC3110339 035 $a(Au-PeEL)EBL3110339 035 $a(CaPaEBR)ebr10171158 035 $a(OCoLC)922977679 035 $a(EXLCZ)991000000000522635 100 $a20030227d2003 uy 0 101 0 $aeng 135 $aurcn||||||||| 181 $ctxt 182 $cc 183 $acr 200 10$aCentury of endeavour$b[electronic resource] $ea biographical and autobiographical view of the 20th century in Ireland /$fRoy H.W. Johnston 210 $aBethesda, Md. $cAcademica Press$d2003 215 $a1 online resource (584 p.) 225 1 $aIrish research series ;$v46 300 $aBibliographic Level Mode of Issuance: Monograph 311 $a1-930901-76-3 320 $aIncludes bibliographical references and index. 410 0$aIrish research series ;$v46. 607 $aIreland$xHistory 607 $aIreland$xHistory$y20th century 607 $aIreland$xHistory$y20th century$vBiography 608 $aElectronic books. 676 $a941.7082/092/2 700 $aJohnston$b Roy H. W.$f1930-$0892192 801 0$bMiAaPQ 801 1$bMiAaPQ 801 2$bMiAaPQ 906 $aBOOK 912 $a9910454225303321 996 $aCentury of endeavour$91992364 997 $aUNINA